[Event "WY Girls-U18"]
[Site "Porto Carras GRE"]
[Date "2010.10.30"]
[Round "11.6"]
[White "Bulmaga, Irina"]
[Black "Travkina, Anastasia"]
[Result "1/2-1/2"]
[WhiteTitle "WIM"]
[BlackTitle "WFM"]
[WhiteElo "2267"]
[BlackElo "2189"]
[WhiteFideId "13903063"]
[BlackFideId "24129151"]
[EventDate "2010.10.20"]

1. e4 c5 2. c3 Nf6 3. e5 Nd5 4. Nf3 Nc6 5. Bc4 Nb6 6. Bb3 d5 7. exd6 Qxd6 8. Na3
Bf5 9. d4 cxd4 10. Nb5 Qd7 11. Nbxd4 O-O-O 12. Nxf5 Qxf5 13. Qe2 e6 14. Bg5 Rd7
15. Bc2 Qc5 16. O-O Be7 17. Be3 Qc4 18. Qe1 Nd5 19. Bb3 Qe4 20. Nd2 Qg6 21. Nc4
Nxe3 22. Qxe3 Rhd8 23. Ba4 Rd3 24. Qe2 Bd6 25. Bxc6 bxc6 26. Nxd6+ R8xd6 27. a4
Qf5 28. h3 e5 29. Rae1 f6 30. Ra1 h5 31. a5 R6d5 32. Ra4 Kc7 33. a6 g6 34. Rb4
Rb5 35. Rxb5 cxb5 36. Ra1 e4 37. Re1 Qd5 38. Qxe4 Qxe4 39. Rxe4 Rd6 40. Rb4 Kb6
41. Re4 Kxa6 42. Kf1 Kb6 1/2-1/2

[Event "WY Girls-U18"]
[Site "Porto Carras GRE"]
[Date "2010.10.30"]
[Round "11.7"]
[White "Warakomska, Anna"]
[Black "Hejazipour, Mitra"]
[Result "0-1"]
[WhiteTitle "WFM"]
[BlackTitle "WFM"]
[WhiteElo "2188"]
[BlackElo "2239"]
[WhiteFideId "1130790"]
[BlackFideId "12505951"]
[EventDate "2010.10.20"]

1. e4 c5 2. Nf3 e6 3. d4 cxd4 4. Nxd4 a6 5. Nc3 Qc7 6. Be2 Nf6 7. O-O Nc6 8. Be3
Bb4 9. Na4 Be7 10. Nxc6 bxc6 11. Nb6 Rb8 12. Nxc8 Qxc8 13. e5 Nd5 14. Bc1 c5 15.
c4 Nb4 16. b3 Qc7 17. Bb2 O-O 18. f4 d6 19. Rf3 f6 20. Rh3 dxe5 21. Qb1 g6 22.
fxe5 f5 23. Qc1 Nc6 24. Qh6 Rf7 25. Qf4 Rd8 26. Rd3 Rff8 27. Rad1 Rxd3 28. Bxd3
Rd8 29. Qe3 Qa5 30. a3 Nd4 31. Bf1 Qb6 32. Rd3 a5 33. Kh1 Nc6 34. Be2 Rxd3 35.
Qxd3 Nd4 36. Bd1 Bf8 37. Bc1 Bg7 38. Bf4 h6 39. h4 Qd8 40. Qg3 Kh7 41. Qe1 g5
42. hxg5 hxg5 43. Bd2 Nc6 44. Bf3 Nxe5 45. Bxa5 Nxf3 46. gxf3 Qa8 47. Kg2 g4 48.
Qh4+ Kg6 49. Bc7 Qxf3+ 50. Kh2 f4 51. Bd8 g3+ 52. Kh3 Qh1+ 53. Kg4 g2 0-1

[Event "WY Girls-U18"]
[Site "Porto Carras GRE"]
[Date "2010.10.30"]
[Round "11.8"]
[White "Eric, Jovana"]
[Black "Iordanidou, Zoi"]
[Result "1-0"]
[WhiteTitle "WIM"]
[WhiteElo "2218"]
[BlackElo "2152"]
[WhiteFideId "938238"]
[BlackFideId "4209192"]
[EventDate "2010.10.20"]

1. e4 d5 2. exd5 Qxd5 3. Nf3 Bg4 4. Be2 Nc6 5. h3 Bxf3 6. Bxf3 Qe5+ 7. Qe2 Qxe2+
8. Bxe2 O-O-O 9. c3 e5 10. b4 f5 11. Na3 g6 12. Nc4 Bg7 13. b5 Nce7 14. O-O Nd5
15. g3 Nh6 16. a4 Nf7 17. Ba3 h5 18. a5 h4 19. Kg2 b6 20. Ra2 Ng5 21. axb6 axb6
22. Ne3 Nxe3+ 23. dxe3 Bf6 24. g4 e4 25. Bb4 f4 26. exf4 Ne6 27. Bc4 Nxf4+ 28.
Kh1 Rh7 29. Rfa1 Kd7 30. Re1 Nxh3 31. Rxe4 Ng5 32. Rf4 Be5 33. Rd2+ Bd6 34. Bxd6
cxd6 35. Bd5 Rc8 36. Bc6+ Kc7 37. Ra2 Rch8 38. Rfa4 Kd8 39. Ra6 Kc7 40. f4 Nf7
41. Ra7+ Kd8 42. Rd7+ 1-0

[Event "WY Girls-U18"]
[Site "Porto Carras GRE"]
[Date "2010.10.30"]
[Round "11.9"]
[White "Purgar, Ivona"]
[Black "Kulon, Klaudia"]
[Result "0-1"]
[WhiteTitle "WFM"]
[BlackTitle "WFM"]
[WhiteElo "2091"]
[BlackElo "2196"]
[WhiteFideId "14514451"]
[BlackFideId "1131044"]
[EventDate "2010.10.20"]

1. e4 c5 2. Nf3 d6 3. d4 cxd4 4. Nxd4 Nf6 5. Nc3 Bd7 6. Be3 Ng4 7. Bg5 h6 8. Bh4
g5 9. Bg3 Bg7 10. Qd2 Nc6 11. Nf5 Bxf5 12. exf5 Qd7 13. f3 Nge5 14. Nd5 Rc8 15.
f6 exf6 16. O-O-O O-O 17. h4 Qe6 18. Kb1 Rfe8 19. f4 gxf4 20. Nxf4 Qg4 21. Rh3
Nb4 22. Be2 Qf5 23. Rc1 Na6 24. Nh5 Nc4 25. Qd1 Rxe2 26. Nxg7 Qb5 27. b3 Na3+
28. Kb2 Rcxc2+ 29. Rxc2 Rxc2+ 30. Ka1 Nb4 0-1

[Event "WY Girls-U18"]
[Site "Porto Carras GRE"]
[Date "2010.10.30"]
[Round "11.10"]
[White "Pavlidou, Ekaterini"]
[Black "Semenova, Elena"]
[Result "1/2-1/2"]
[WhiteTitle "WIM"]
[BlackTitle "WFM"]
[WhiteElo "2191"]
[BlackElo "2135"]
[WhiteFideId "4213262"]
[BlackFideId "24125148"]
[EventDate "2010.10.20"]

1. d4 d5 2. Nf3 Nf6 3. c4 c6 4. Nc3 dxc4 5. a4 e6 6. e3 c5 7. Bxc4 Nc6 8. O-O
cxd4 9. exd4 Be7 10. Bg5 O-O 11. Rc1 Nb4 12. Qe2 Bd7 13. Ne5 Nbd5 14. Bb3 Bc6
15. Rfe1 Qa5 16. Nxf7 Nxc3 17. Qxe6 Bd5 18. Nh6+ Kh8 19. Qxe7 Rae8 20. Qa3 Nb1
21. Qxf8+ Rxf8 22. Re5 Qb6 23. Bxd5 Nxd5 24. Nf7+ Kg8 25. Rxd5 Rxf7 26. Rxb1 Qb3
27. Rd8+ Rf8 28. Rxf8+ Kxf8 29. Be3 Qc2 30. Rc1 Qxb2 31. h3 Qb3 32. Rc7 a5 33.
g3 b6 34. Rb7 Qe6 35. Kh2 Qc6 36. Rb8+ Kf7 37. d5 Qxa4 38. Rxb6 Qd7 39. d6 Qc8
40. Rb2 a4 41. Rb4 Qc6 42. Rd4 Qd7 43. Bc1 h6 44. Ba3 Ke8 45. Bc5 Kd8 46. Re4
Qc6 47. Re5 Qf3 48. Re7 Qc6 49. Rc7 Qb5 50. Bd4 Qb4 51. Bc5 Qb2 52. Ra7 Qb5 53.
Bd4 Qb4 54. Bxg7 Qxd6 55. Rxa4 Ke8 56. Rf4 h5 57. h4 Qd5 58. Bd4 Ke7 59. Be3 Ke6
60. Rd4 Qc6 61. Rf4 Qd5 62. g4 hxg4 63. Rxg4 Qd1 64. Rf4 Ke5 65. Kh3 Qe2 66. Kg3
Qd1 67. Kh3 Qe2 1/2-1/2

[Event "WY Girls-U18"]
[Site "Porto Carras GRE"]
[Date "2010.10.30"]
[Round "11.11"]
[White "Bezgodova, Maria"]
[Black "Grigorian, Marine"]
[Result "0-1"]
[WhiteTitle "WFM"]
[BlackTitle "WFM"]
[WhiteElo "2170"]
[BlackElo "2178"]
[WhiteFideId "24111260"]
[BlackFideId "4124260"]
[EventDate "2010.10.20"]

1. e4 d6 2. d4 Nf6 3. Bd3 e5 4. c3 g6 5. Nf3 Nbd7 6. O-O Bg7 7. Nbd2 O-O 8. a4
a5 9. Re1 b6 10. Nc4 Re8 11. Bg5 h6 12. Bh4 Bb7 13. Qc2 g5 14. Bg3 Nh5 15. Ne3
Nf4 16. Nf5 Qf6 17. Rad1 Nxd3 18. Qxd3 Nf8 19. dxe5 dxe5 20. Qc4 Rac8 21. Qb5
Ng6 22. Qc4 Qc6 23. Qxc6 Bxc6 24. b3 Bf8 25. h4 f6 26. Nh2 Ne7 27. Ng4 Nxf5 28.
exf5 Kg7 29. hxg5 hxg5 30. f3 Rcd8 31. Ne3 Bc5 32. Bf2 e4 33. fxe4 Bxe4 34. Rxd8
Rxd8 35. Nc4 Bxf2+ 36. Kxf2 Bxf5 37. Re7+ Kg6 38. Rxc7 Bc2 39. b4 axb4 40. cxb4
Bxa4 41. Nxb6 Bb3 42. Rc3 Bf7 43. Ke3 f5 44. Nc4 f4+ 45. Ke2 Kf5 46. b5 g4 47.
Nd2 Bd5 48. g3 fxg3 49. Rxg3 Rb8 50. Nf1 Kf4 51. Ra3 Rxb5 52. Ra4+ Kg5 53. Ne3
Rb2+ 54. Kf1 Bf3 55. Rd4 g3 56. Nd1 Rb1 57. Kg1 Rxd1+ 0-1

[Event "WY Girls-U18"]
[Site "Porto Carras GRE"]
[Date "2010.10.30"]
[Round "11.12"]
[White "Soubirou, Oriane"]
[Black "Haast, Anne"]
[Result "0-1"]
[BlackTitle "WIM"]
[WhiteElo "2021"]
[BlackElo "2256"]
[WhiteFideId "686034"]
[BlackFideId "1017292"]
[EventDate "2010.10.20"]

1. d4 Nf6 2. c4 c5 3. d5 e6 4. Nc3 exd5 5. cxd5 d6 6. Nf3 g6 7. Qa4+ Bd7 8. Qb3
Qc7 9. e4 Bg7 10. Bd3 O-O 11. O-O a6 12. a4 Re8 13. h3 Bc8 14. Nd2 Nbd7 15. f4
Nh5 16. Nc4 Qd8 17. Nxd6 Bd4+ 18. Kh2 Ndf6 19. Ne2 Qxd6 20. e5 Bxe5 21. fxe5
Qxe5+ 22. Kg1 Nxd5 23. Bc4 Be6 24. Qxb7 Reb8 25. Bxd5 Bxd5 26. Qd7 Rd8 27. Qg4
f5 0-1